[Event "7. Amber Blindfold"]
[Site "Monaco MNC"]
[Date "1998.03.16"]
[Round "4"]
[White "Nikolic, Predrag"]
[Black "Topalov, Veselin"]
[Result "0-1"]
[WhiteElo "2635"]
[BlackElo "2740"]

1.d4 g6 2.Cf3 Fg7 3.c4 d6 4.g3 c5 5.d5 b5 6.cxb5 a6 7.bxa6 Cf6 8.Fg2 O-O 
9.O-O Ff5 10.h3 Cxa6 11.g4 Fxb1 12.Txb1 Cc7 13.a3 Cfxd5 14.Ch2 e6 15.g5 
Tb8 16.Dd3 f5 17.Fxd5 Cxd5 18.e4 fxe4 19.Dxe4 Dd7 20.Cg4 Ce7 21.Te1 e5 22.
b4 d5 23.Cxe5 Dxh3 24.Dg4 Dxg4+ 25.Cxg4 Cc6 26.Fb2 cxb4 27.Fxg7 Rxg7 28.
axb4 Tf5 29.b5 Txg5 30.bxc6 Txg4+ 31.Rf1 Tc8 32.Tb7+ Rf6 33.Td7 Txc6 34.
Txd5 h5 35.Ted1 Tcc4 36.T5d3 h4 37.Tf3+ Rg7 38.Te1 Rh6 39.Td1 Ta4 40.Te1 
Ta5 41.Td1 Tag5 42.Td8 Tg1+ 43.Re2 Ta5 44.Th8+ Rg5 45.Td3 Te5+ 46.Rf3 Tf5+
47.Re2 Ta1 48.Td4 Ta2+ 49.Re3 Taxf2 50.Tdxh4 T5f3+ 51.Re4 Tf4+ 52.Txf4 
Txf4+ 53.Re3 Rg4 54.Th1 Tf3+ 55.Re2 g5 56.Tg1+ Tg3 57.Ta1 Tg2+ 58.Rf1 Rh3 
59.Ta3+ Rh2 60.Ta5 g4 61.Th5+ Rg3 62.Ta5 Tb2 63.Ta3+ Rh2 64.Ta8 Tb1+ 65.
Rf2 g3+ 66.Rf3 g2 67.Th8+ Rg1 68.Re2 Tb5 69.Te8 Th5 0-1

[Event "7. Amber Rapid"]
[Site "Monaco MNC"]
[Date "1998.03.16"]
[Round "4"]
[White "Topalov, Veselin"]
[Black "Nikolic, Predrag"]
[Result "1/2-1/2"]
[WhiteElo "2740"]
[BlackElo "2635"]

1.d4 Cf6 2.c4 e6 3.Cf3 Fb4+ 4.Cbd2 b6 5.a3 Fxd2+ 6.Dxd2 O-O 7.e3 Ce4 8.Dc2
Fb7 9.Fe2 d6 10.O-O Cd7 11.Ce1 c5 12.f3 Cef6 13.b4 Tc8 14.Db3 cxd4 15.exd4
e5 16.Fb2 Te8 17.Cc2 d5 18.Ce3 exd4 19.Fxd4 dxc4 20.Fxc4 Ce5 21.Fxe5 Txe5 
22.Fxf7+ Rh8 23.Tfd1 De7 24.Cf1 b5 25.Da2 Te2 26.Td2 Txd2 27.Cxd2 De3+ 28.
Rh1 Dd3 29.Fb3 Fd5 30.Tg1 h6 31.Fxd5 Cxd5 32.Ce4 Tc2 33.Da1 Ce3 34.De5 Rh7
35.Cc5 Dc3 36.De4+ Rh8 37.h3 Tc1 38.De8+ Rh7 39.De4+ Rh8 40.Cd3 Txg1+ 41.
Rxg1 Dd2 42.f4 Cxg2 43.De8+ Rh7 44.De4+ Rh8 1/2-1/2

[Event "8. Amber Blindfold"]
[Site "Monaco MNC"]
[Date "1999.03.22"]
[Round "6"]
[White "Nikolic, Predrag"]
[Black "Topalov, Veselin"]
[Result "1/2-1/2"]
[WhiteElo "2633"]
[BlackElo "2700"]

1.d4 Cf6 2.c4 e6 3.Cf3 c5 4.d5 d6 5.Cc3 exd5 6.cxd5 g6 7.g3 Fg7 8.Fg2 O-O 
9.O-O Te8 10.Cd2 a6 11.a4 Cbd7 12.a5 Tb8 13.Cc4 Ce5 14.Cb6 Ced7 15.Cc4 Ce5
16.Cb6 Ced7 17.Cc4 1/2-1/2

[Event "8. Amber Rapidplay"]
[Site "Monaco MNC"]
[Date "1999.03.22"]
[Round "6"]
[White "Topalov, Veselin"]
[Black "Nikolic, Predrag"]
[Result "1-0"]
[WhiteElo "2700"]
[BlackElo "2633"]

1.Cf3 d5 2.d4 Cf6 3.c4 dxc4 4.e3 e6 5.Fxc4 c5 6.O-O Cc6 7.De2 Dc7 8.Cc3 a6
9.Fb3 Fd6 10.dxc5 Fxc5 11.h3 O-O 12.Td1 Ce5 13.e4 Cg6 14.Fe3 Cf4 15.Dd2 
Fxe3 16.Dxe3 e5 17.Tac1 De7 18.Cd5 C6xd5 19.exd5 Df6 20.Rh2 Te8 21.d6 Fd7 
22.Tc7 Tad8 23.Txb7 e4 24.Ce1 h5 25.Txd7 Txd7 26.Fa4 Ted8 27.Fxd7 Txd7 28.
Dxe4 Txd6 29.Txd6 Dxd6 30.g3 Ce6 31.Cf3 g6 32.Rg2 Db6 33.b4 Db5 34.a3 Rh7 
35.h4 Rg8 36.Ce5 Cf8 37.Cc6 Ch7 38.De8+ Rg7 39.De5+ Dxe5 40.Cxe5 Cf8 41.
Rf3 Rf6 42.Re4 Re6 43.Cd3 1-0

[Event "Interzonal"]
[Site "Biel SUI"]
[Date "1993.??.??"]
[Round "12"]
[White "Oll, Lembit"]
[Black "Topalov, Veselin"]
[Result "1-0"]
[WhiteElo "2595"]
[BlackElo "2650"]

1.d4 Cf6 2.Cf3 e6 3.c4 d5 4.Cc3 c6 5.Fg5 dxc4 6.e4 b5 7.e5 h6 8.Fh4 g5 9.
Cxg5 hxg5 10.Fxg5 Cbd7 11.exf6 Fb7 12.g3 c5 13.d5 Cxf6 14.Fg2 Fe7 15.O-O 
Cxd5 16.Fxe7 Rxe7 17.Cxb5 Db6 18.Ca3 Th4 19.Dd2 Cf4 20.Cxc4 Dc7 21.f3 Cxg2
22.Dg5+ Rf8 23.gxh4 Cf4 24.Rh1 Td8 25.Ce5 Td5 26.Tae1 Cd3 27.Dh6+ 1-0

[Event "12. Olympiad"]
[Site "Moscow RUS"]
[Date "1994.??.??"]
[Round "12"]
[White "Oll, Lembit"]
[Black "Topalov, Veselin"]
[Result "0-1"]
[WhiteElo "2615"]
[BlackElo "2645"]

1.e4 c5 2.Cf3 d6 3.d4 cxd4 4.Cxd4 Cf6 5.Cc3 g6 6.Fe3 Fg7 7.f3 Cc6 8.Dd2 
O-O 9.Fc4 Fd7 10.h4 Ce5 11.Fb3 h5 12.O-O-O Tc8 13.Fg5 Tc5 14.g4 hxg4 15.f4
Cc4 16.De2 Dc8 17.f5 Cxb2 18.Fxf6 Cxd1 19.Dxg4 exf6 20.Tg1 Tc4 21.Cxd1 d5 
22.h5 Txd4 23.hxg6 fxg6 24.Dxg6 Tf7 25.Cf2 Dc3 26.Rb1 De3 27.Tg2 Rf8 28.
exd5 De1+ 29.Rb2 De5 30.Rb1 Dxf5 0-1

[Event "6. Magistral"]
[Site "Madrid ESP"]
[Date "1997.05.25"]
[Round "4"]
[White "Topalov, Veselin"]
[Black "Polgar, Judit"]
[Result "1-0"]
[WhiteElo "2725"]
[BlackElo "2645"]

1.c4 e6 2.Cc3 d5 3.d4 Fb4 4.Cf3 Cf6 5.Fg5 h6 6.Fxf6 Dxf6 7.e3 O-O 8.Tc1 
dxc4 9.Fxc4 c5 10.O-O cxd4 11.exd4 Cc6 12.Ce4 Dd8 13.a3 Fa5 14.Dd3 Fb6 15.
Tfd1 De7 16.Fb5 Fd7 17.Cc5 Fe8 18.Dc3 Tc8 19.b4 a5 20.Fd3 axb4 21.axb4 Tc7
22.De1 Rh8 23.h4 Dd6 24.Fb1 Df4 25.Fe4 Ce7 26.g3 Df6 27.Ce5 Cf5 28.Cg4 Dd8
29.d5 Cd6 30.dxe6 f5 31.Cxb7 De7 32.Txd6 Txb7 33.Fxb7 Dxd6 34.e7 Dxg3+ 35.
Fg2 Tg8 36.Ce5 Dxh4 37.Tc8 Rh7 38.Cc4 Fd4 39.Cd6 Dh5 40.Cxe8 Txe8 41.Txe8 
Dxe8 42.De6 Ff6 43.Dxf5+ Rg8 44.Fd5+ Rh8 45.Fe4 1-0

[Event "14. Ciudad de Linares"]
[Site "Linares ESP"]
[Date "1997.??.??"]
[Round "2"]
[White "Topalov, Veselin"]
[Black "Polgar, Judit"]
[Result "1/2-1/2"]
[WhiteElo "2725"]
[BlackElo "2645"]

1.e4 c5 2.Cf3 e6 3.d4 cxd4 4.Cxd4 Cc6 5.Cc3 Dc7 6.Fe3 a6 7.Fd3 b5 8.Cxc6 
Dxc6 9.O-O Fb7 10.Dd2 Cf6 11.f3 Dc7 12.a4 b4 13.Ce2 Fd6 14.h3 O-O 15.a5 
Fc5 16.Fxc5 Dxc5+ 17.Rh1 Fc6 18.c3 bxc3 19.Dxc3 Dxc3 20.Cxc3 Tfb8 21.Tf2 
Rf8 22.Ca4 Fb5 23.Fc2 d5 24.Cb6 dxe4 25.fxe4 Ta7 26.e5 Cd7 27.Cxd7+ Txd7 
28.Fxh7 Tbd8 29.Fg6 Re8 30.Fh5 g6 31.Ff3 Td2 32.Rg1 Txf2 33.Rxf2 Td2+ 34.
Re3 Txb2 35.Rf4 Tc2 36.Td1 Re7 37.Td4 Ta2 38.h4 Txa5 39.g4 Ta3 40.Fe4 Fe2 
41.Td2 Fc4 42.Fc6 Td3 43.Tb2 Tb3 44.Txb3 Fxb3 45.g5 Fd5 46.Fa4 Fb7 47.Re3 
Fc8 48.Rd4 Fd7 49.Fd1 a5 50.Rc5 Rd8 51.h5 gxh5 52.Fxh5 Fe8 53.Fd1 Rc7 54.
Fh5 Rb7 55.Ff3+ Rc8 56.Fd1 Rd8 57.Fe2 Re7 58.Fd1 Rf8 59.Fc2 Rg8 60.Fd1 Rg7
61.Fc2 Rf8 62.Fd1 a4 63.Rb4 Re7 64.Fc2 Rd8 65.Fd1 Rc7 66.Fh5 a3 67.Rxa3 
Rc6 68.Rb4 Rd5 69.Fg4 Rxe5 70.Rc3 Fc6 71.Fh5 Fe8 72.Fg4 Rf4 73.g6 fxg6 74.
Fxe6 Re3 75.Fc8 Fc6 76.Fe6 Fe4 77.Ff7 g5 78.Fe6 Rf4 79.Rd2 Ff5 80.Ff7 g4 
81.Re2 1/2-1/2

[Event "?"]
[Site "Dos Hermanas ESP"]
[Date "1999.04.11"]
[Round "5"]
[White "Polgar, Judit"]
[Black "Topalov, Veselin"]
[Result "0-1"]
[WhiteElo "2677"]
[BlackElo "2700"]

1.e4 c5 2.Cf3 d6 3.d4 cxd4 4.Cxd4 Cf6 5.Cc3 a6 6.Fe2 e5 7.Cb3 Fe7 8.O-O 
O-O 9.Rh1 b6 10.a4 Fb7 11.f3 Cc6 12.Cd5 Cxd5 13.exd5 Cb4 14.c4 a5 15.Fd2 
Ca6 16.Fc3 Fg5 17.Fd3 Fc8 18.Dc2 g6 19.g3 Fh3 20.Tf2 Cb4 21.De2 Dd7 22.Cd2
f5 23.Fxb4 axb4 24.b3 Dc7 25.De1 e4 26.fxe4 Dg7 27.e5 dxe5 28.Ff1 Fg4 29.
Fe2 h5 30.Fxg4 hxg4 31.c5 bxc5 32.Cc4 e4 33.Td1 Ff6 34.d6 Fd4 35.Ta2 Tae8 
36.a5 e3 37.Df1 g5 38.Dg2 f4 39.Dd5+ Rh8 40.gxf4 gxf4 41.d7 Td8 42.Txd4 
cxd4 43.Dh5+ Rg8 44.Tg2 g3 45.Dd5+ Rh7 46.Dh5+ Dh6 47.Dd5 Dg6 48.a6 f3 0-1

[Event "Wch U16"]
[Site "Singapore SIN"]
[Date "1990.??.??"]
[Round "?"]
[White "Topalov, Veselin"]
[Black "Sakaev, Konstantin"]
[Result "1/2-1/2"]
[WhiteElo "2495"]
[BlackElo "2370"]

1.d4 Cf6 2.c4 e6 3.Cc3 Fb4 4.Dc2 O-O 5.a3 Fxc3+ 6.Dxc3 b6 7.Fg5 Fb7 8.f3 
h6 9.Fh4 d5 10.e3 Cbd7 11.Ch3 c5 12.cxd5 Cxd5 13.Fxd8 Cxc3 14.Fe7 Tfe8 15.
Fd6 Cd5 16.Rd2 cxd4 17.exd4 Ted8 18.Fc4 Cb8 19.Fxd5 Fxd5 20.Fxb8 Taxb8 21.
Re3 Td7 22.Tac1 Tbd8 23.Cf2 f6 24.Tc3 Fb7 25.Tc4 Te8 26.Cd3 e5 27.dxe5 Fa6
28.Tc3 Fxd3 29.Txd3 Txe5+ 30.Rd2 Tde7 31.Rc3 Te2 32.Td2 Tc7+ 33.Rd3 Te6 
1/2-1/2

[Event "?"]
[Site "Madrid ESP"]
[Date "1996.??.??"]
[Round "1"]
[White "Salov, Valery"]
[Black "Topalov, Veselin"]
[Result "1-0"]
[WhiteElo "2670"]
[BlackElo "2700"]

1.d4 Cf6 2.Fg5 e6 3.Cf3 h6 4.Fh4 g5 5.Fg3 Ce4 6.Cbd2 Cxg3 7.hxg3 Fg7 8.c3 
d6 9.e4 a6 10.Fd3 Cd7 11.De2 De7 12.Cc4 b6 13.Ce3 Fb7 14.a4 Rf8 15.Cd2 c5 
16.d5 Ce5 17.Fc2 a5 18.Fb3 Fa6 19.Cdc4 f5 20.Cxe5 Fxe5 21.Fc4 f4 22.gxf4 
gxf4 23.Cg4 Fxc4 24.Dxc4 Fg7 25.dxe6 h5 26.Dd5 Te8 27.Df5+ Rg8 28.Txh5 
Txh5 29.Dxh5 Dxe6 30.O-O-O Dxe4 31.Ch6+ Fxh6 32.Dxh6 Te6 33.Dg5+ Rf7 34.
Th1 Tf6 35.Dg4 Df5 36.Df3 d5 37.Th5 De4 38.Txd5 Dxa4 39.Dh5+ Re6 40.De5+ 
Rf7 41.Dc7+ Rg6 42.Dc8 Da1+ 43.Rc2 Da4+ 44.Rc1 Da1+ 45.Rc2 Da4+ 46.Rd2 Dc6
47.Dg8+ Rh6 48.Dh8+ Rg6 49.Dg8+ Rh6 50.c4 De6 51.Dh8+ Rg6 52.Th5 Dd7+ 53.
Rc1 De7 54.Rb1 De4+ 55.Ra1 Te6 56.f3 1-0

[Event "6. Magistral"]
[Site "Madrid ESP"]
[Date "1997.05.21"]
[Round "1"]
[White "Salov, Valery"]
[Black "Topalov, Veselin"]
[Result "1/2-1/2"]
[WhiteElo "2665"]
[BlackElo "2725"]

1.d4 e6 2.c4 Cf6 3.Cc3 Fb4 4.e3 c5 5.Fd3 O-O 6.a3 Fxc3+ 7.bxc3 Cc6 8.Cf3 
d6 9.e4 h6 10.h3 e5 11.d5 Ce7 12.Cd2 Ch7 13.g4 Cg6 14.Cf1 Cf4 15.Df3 Df6 
16.Fc2 Cxd5 17.Dxf6 Cdxf6 18.f3 Cg5 19.Rf2 Rh7 20.Ce3 g6 21.a4 b6 22.a5 
bxa5 23.Txa5 Ce6 24.Td1 Td8 25.h4 Rg7 26.Fd2 Cf4 27.Tda1 Td7 28.Fa4 Tc7 
29.Fb5 Fd7 30.Ta6 Tb7 31.T1a5 Ce8 32.Fxd7 Txd7 33.Cd5 Cxd5 34.cxd5 f6 35.
Re2 g5 36.h5 Tb7 37.c4 Rf7 38.Ta2 Re7 39.Rd3 Cc7 40.T6a3 Rd7 41.Rc2 Rc8 
1/2-1/2

[Event "Interzonal"]
[Site "Biel SUI"]
[Date "1993.??.??"]
[Round "1"]
[White "Topalov, Veselin"]
[Black "Seirawan, Yasser"]
[Result "0-1"]
[WhiteElo "2650"]
[BlackElo "2575"]

1.c4 e5 2.Cc3 Cc6 3.g3 g6 4.Fg2 Fg7 5.e3 d6 6.Tb1 f5 7.d3 Cf6 8.Cge2 O-O 
9.O-O Ce7 10.f4 c6 11.b3 Fe6 12.h3 Dc7 13.e4 h5 14.Fe3 h4 15.c5 Ch5 16.
cxd6 Dxd6 17.d4 exd4 18.e5 Dd7 19.Fxd4 Cxg3 20.Cxg3 hxg3 21.Fc5 Dxd1 22.
Tbxd1 Rf7 23.Td3 Tfd8 24.Txg3 Ff8 25.Ce2 Td2 26.Cd4 Fd5 27.e6+ Fxe6 28.Cf3
Tad8 29.Cg5+ Rf6 30.Fb4 Tc2 31.Fc3+ Txc3 32.Txc3 Fg8 33.Tc2 Cd5 34.Fxd5 
Txd5 35.Te2 Fc5+ 36.Rh2 Td4 37.Rg3 Fd5 38.Ch7+ Rg7 39.Cg5 Rf6 40.Ch7+ Rg7 
41.Cg5 Td3+ 42.Rh4 Rh6 43.b4 Fe3 44.a4 a6 45.Tb2 Fd4 46.Te2 Ff6 47.Tfe1 
Tf3 0-1

[Event "EU Ch U20"]
[Site "Arnhem NED"]
[Date "1989.??.??"]
[Round "?"]
[White "Topalov, Veselin"]
[Black "Serper, Grigory"]
[Result "1-0"]
[WhiteElo "2460"]
[BlackElo "2420"]

1.d4 Cf6 2.c4 d6 3.Cf3 Cbd7 4.Cc3 c6 5.e4 e5 6.Fe2 Fe7 7.O-O O-O 8.Dc2 a6 
9.Td1 Dc7 10.Fg5 Te8 11.Tac1 h6 12.Fh4 Cf8 13.c5 exd4 14.cxd6 Fxd6 15.Txd4
Cg4 16.Fg3 Fxg3 17.hxg3 Da5 18.Dd1 Dh5 19.Ch4 g5 20.Cd5 cxd5 21.Txc8 gxh4 
22.Fxg4 De5 23.Txd5 Dxe4 24.Txa8 Txa8 25.gxh4 Te8 26.g3 Db4 27.Td2 Cg6 28.
a3 Dc5 29.Ff3 Te7 30.Rg2 Rg7 31.Td5 Db6 32.Dd2 Te6 33.Dc3+ Rg8 34.h5 Cf8 
35.Td4 Te5 36.Dd2 Df6 37.Tf4 De7 38.Tb4 b5 39.Dxh6 Ce6 40.Tg4+ 1-0

[Event "Hoogovens"]
[Site "Wijk aan Zee NED"]
[Date "1996.??.??"]
[Round "1"]
[White "Topalov, Veselin"]
[Black "Shirov, Alexei"]
[Result "1/2-1/2"]
[WhiteElo "2700"]
[BlackElo "2690"]

1.e4 e5 2.Cf3 Cc6 3.Fb5 a6 4.Fa4 Cf6 5.O-O b5 6.Fb3 Fc5 7.a4 Tb8 8.c3 d6 
9.d4 Fb6 10.Ca3 Fg4 11.axb5 axb5 12.Cxb5 O-O 13.Fc2 d5 14.Fg5 exd4 15.cxd4
Fxf3 16.Dxf3 Fxd4 17.exd5 Dxd5 18.Dxd5 Cxd5 19.Cxd4 Cxd4 20.Fe4 Cf6 21.
Fxf6 gxf6 22.Ta7 Tfe8 23.Fd3 Te7 24.Tb1 Cb3 25.h3 Cd2 26.Tc1 Tb3 27.Tc3 
Txc3 28.bxc3 Cb3 29.Ta4 Cc5 30.Tg4+ Rh8 31.Fc4 h6 32.Fd5 Cd7 33.Rh2 Ce5 
34.Tg3 Td7 35.Fb3 Td2 36.f4 Cd3 37.Fxf7 Cxf4 38.Tg4 Ce2 39.Tc4 Tc2 40.Fh5 
Cxc3 41.Fg6 Tc1 42.Fd3 Ca2 43.Txc1 Cxc1 44.Fc4 f5 45.Rg3 Rg7 46.Rf3 Rf6 
47.Rf4 c6 48.h4 Rg6 49.Re5 Rh5 50.g3 Rg4 51.h5 Rxg3 52.Rxf5 Rf2 53.Rg6 Ce2
1/2-1/2

[Event "14. Ciudad de Linares"]
[Site "Linares ESP"]
[Date "1997.02.06"]
[Round "3"]
[White "Shirov, Alexei"]
[Black "Topalov, Veselin"]
[Result "1-0"]
[WhiteElo "2690"]
[BlackElo "2725"]

1.e4 e5 2.Cf3 Cc6 3.Fb5 a6 4.Fxc6 dxc6 5.O-O f6 6.d4 Fg4 7.dxe5 Dxd1 8.
Txd1 fxe5 9.Cbd2 O-O-O 10.Te1 Fd6 11.h3 Fh5 12.g4 Ff7 13.Cf1 h6 14.Cg3 Te8
15.Fd2 g6 16.Rg2 Cf6 17.g5 hxg5 18.Cxg5 Fg8 19.Te3 Fe7 20.Tf3 b6 21.Th1 
Th4 22.Td3 Fd6 23.Tf3 Fe7 24.Td3 Tf8 25.Cf3 Txe4 26.Cxe4 Cxe4 27.Fh6 Tf5 
28.Te3 Cd6 29.Cxe5 Fd5+ 30.f3 Ff6 31.The1 Fxe5 32.Txe5 Fxf3+ 33.Rh2 Txe5 
34.Txe5 Fe4 35.c3 Fb1 36.a3 Cf7 37.Te1 Ff5 38.Ff4 Cd8 39.Te7 Ce6 40.Fe5 c5
41.c4 a5 42.a4 Rd8 43.Ff6 Rc8 44.Rg3 Rb7 45.h4 Rc8 46.Rf2 Rb7 47.Re3 Rb8 
48.Fe5 Rc8 49.Tf7 Fc2 50.Tf6 Rd7 51.Rd2 Fe4 52.Txe6 Rxe6 53.Fxc7 Rd7 54.
Fxb6 Rc6 55.Fxa5 Ff5 56.Rc3 Fh3 57.Fd8 Rd6 58.Fg5 Fd7 59.a5 Fc8 60.Fe3 Rc6
61.Fxc5 Rxc5 62.b4+ Rd6 63.Rd4 Fh3 64.b5 Ff1 65.a6 Rc7 66.Rc5 Fe2 67.Rb4 
Ff1 68.c5 Fe2 69.Ra5 Ff3 70.c6 Rb8 71.Rb6 Fe2 72.a7+ Ra8 73.Ra6 Ff3 74.c7 
Fb7+ 75.Ra5 Fc8 76.b6 1-0

[Event "playoff 20'"]
[Site "Madrid ESP"]
[Date "1997.??.??"]
[Round "1"]
[White "Shirov, Alexei"]
[Black "Topalov, Veselin"]
[Result "1/2-1/2"]
[WhiteElo "2690"]
[BlackElo "2725"]

1.e4 e5 2.Cf3 Cc6 3.Fb5 a6 4.Fxc6 dxc6 5.O-O Fg4 6.h3 h5 7.d3 Df6 8.Cbd2 
Ce7 9.Te1 Cg6 10.d4 Cf4 11.dxe5 Dg6 12.Ch4 Fxd1 13.Cxg6 Cxg6 14.Txd1 O-O-O
15.Te1 Cxe5 16.Cf3 Cxf3+ 17.gxf3 Fb4 18.c3 Fc5 19.Rf1 Td3 20.Re2 Thd8 21.
Tg1 g6 22.Ff4 b5 23.Tac1 Rb7 24.Tc2 a5 25.Tf1 a4 26.Td2 Txd2+ 27.Fxd2 Fe7 
28.Fe3 Ff6 29.Fc5 Fg5 30.Td1 Txd1 31.Rxd1 Rc8 32.b3 axb3 33.axb3 Rd7 34.
Re2 Re6 35.Fe3 Fe7 36.c4 Fd6 37.Rd3 1/2-1/2

[Event "playoff 20'"]
[Site "Madrid ESP"]
[Date "1997.??.??"]
[Round "2"]
[White "Topalov, Veselin"]
[Black "Shirov, Alexei"]
[Result "1/2-1/2"]
[WhiteElo "2725"]
[BlackElo "2690"]

1.e4 e5 2.Cf3 Cc6 3.Fb5 a6 4.Fa4 Cf6 5.O-O b5 6.Fb3 Fc5 7.a4 Tb8 8.c3 d6 
9.d4 Fb6 10.axb5 axb5 11.h3 O-O 12.Te1 Fb7 13.Ca3 exd4 14.cxd4 Ca5 15.Fc2 
b4 16.Cb1 c5 17.Fg5 h6 18.Fh4 g5 19.Cxg5 hxg5 20.Fxg5 b3 21.Fd3 c4 22.e5 
dxe5 23.Txe5 Dxd4 24.Te3 Cg4 25.Txa5 cxd3 26.Ff6 Dxf6 27.Dxg4+ Dg6 28.Tg5 
Fxe3 29.Txg6+ fxg6 30.Dxg6+ Rh8 31.fxe3 Tbd8 32.Dh6+ Rg8 33.Dg6+ Rh8 
1/2-1/2

[Event "playoff 5'-6'"]
[Site "Madrid ESP"]
[Date "1997.??.??"]
[Round "3"]
[White "Shirov, Alexei"]
[Black "Topalov, Veselin"]
[Result "1/2-1/2"]
[WhiteElo "2690"]
[BlackElo "2725"]

1.e4 e5 2.Cf3 Cc6 3.Fb5 a6 4.Fa4 Cf6 5.O-O Fe7 6.Te1 b5 7.Fb3 O-O 8.h3 Fb7
9.d3 d6 10.a3 Cb8 11.Cbd2 Cbd7 12.Cf1 h6 13.Cg3 Te8 14.Cf5 Ff8 15.Ch2 d5 
16.Cg4 c6 17.Df3 Rh8 18.c3 Te6 19.Fc2 Dc7 20.b4 c5 21.Fb2 Tae8 22.Tad1 c4 
23.dxc4 dxe4 24.De2 bxc4 25.Fa4 Tc8 26.Td2 Cb6 27.Fc2 Cbd5 28.g3 Dc6 29.
Cfe3 Cxe3 30.Dxe3 Cd5 31.Dxe4 g6 32.Cxe5 Txe5 33.Dxe5+ Fg7 34.De4 f5 35.
Df3 Td8 36.Ted1 Rh7 37.h4 h5 38.a4 De6 39.a5 Fc6 40.De2 Dxe2 41.Txe2 Cxc3 
42.Fxc3 Txd1+ 43.Fxd1 Fxc3 44.Tc2 Fe1 45.Txc4 Fb5 46.Td4 Fc3 47.Tf4 Fd2 
48.Ff3 Rg7 49.Fd5 Rf6 50.Rg2 Re5 51.Ff7 Fxf4 52.gxf4+ Rxf4 53.Fxg6 Rg4 54.
f3+ Rxh4 55.Fxf5 Rg5 56.Fc8 Rf4 57.Fb7 Re5 58.Rg3 Rd4 59.f4 Rc4 60.Rh4 
Rxb4 61.Rxh5 Fd3 62.Rg5 Rxa5 63.Rf6 Rb4 64.Re5 a5 65.Fe4 Fxe4 66.Rxe4 Rc5 
67.Re5 a4 68.f5 a3 1/2-1/2

[Event "6. Amber Rapid"]
[Site "Monaco MNC"]
[Date "1997.??.??"]
[Round "10"]
[White "Shirov, Alexei"]
[Black "Topalov, Veselin"]
[Result "1/2-1/2"]
[WhiteElo "2690"]
[BlackElo "2725"]

1.e4 e6 2.d4 d5 3.Cc3 dxe4 4.Cxe4 Cd7 5.Cf3 Cgf6 6.Cxf6+ Cxf6 7.Fg5 c5 8.
Fc4 Da5+ 9.c3 Fe7 10.O-O O-O 11.Te1 Td8 12.Te5 Db6 13.De2 cxd4 14.Cxd4 h6 
15.Fh4 Cd5 16.Fxe7 Cxe7 17.Te1 Fd7 18.Fd3 Cc6 19.Cxc6 Fxc6 20.Fb1 Td6 21.
Dc2 Rf8 22.Dh7 Td2 23.Tf5 Fe4 24.Txf7+ Rxf7 25.Dxe4 Dxf2+ 26.Rh1 Rf8 27.
Db4+ Rg8 28.De4 Tad8 29.Dxe6+ Df7 30.Fh7+ Rf8 31.De4 T8d6 32.h4 Td1 33.
Txd1 Txd1+ 34.Rh2 Dc7+ 35.g3 Td2+ 36.Rh3 Dd7+ 37.Ff5 Dc6 38.Df4 Dd6 39.Df3
Df6 40.Df4 Td6 41.h5 a5 42.De4 Td8 43.g4 b6 44.a4 Rg8 45.Rg3 Rh8 46.Rf3 
Dh4 47.De6 Dh3+ 48.Rf4 Dh2+ 49.Rf3 Dd6 50.Dxd6 Txd6 51.Re4 Td2 52.b4 Rg8 
53.bxa5 bxa5 54.c4 Rf7 55.Re5 Re7 56.c5 Td1 57.c6 Tc1 58.Rd5 Tc3 59.Fd7 
Rd8 60.Re6 Tc5 61.Rd6 Tc4 62.Fe6 Td4+ 63.Fd5 Td1 64.c7+ Rc8 65.Rc6 Tc1+ 
66.Rb6 Txc7 67.Fe6+ Rb8 68.Rxa5 Tb7 69.Ra6 Tb2 70.Ff5 Rc7 71.a5 Rc6 72.
Fe4+ Rc5 73.Ra7 Ta2 74.a6 Rd6 75.Rb7 Tb2+ 76.Rc8 Ta2 77.Rb7 1/2-1/2

[Event "6. Amber Blindfold"]
[Site "Monaco MNC"]
[Date "1997.??.??"]
[Round "10"]
[White "Topalov, Veselin"]
[Black "Shirov, Alexei"]
[Result "1/2-1/2"]
[WhiteElo "2725"]
[BlackElo "2690"]

1.e4 e5 2.Cf3 Cc6 3.Fb5 a6 4.Fa4 Cf6 5.O-O b5 6.Fb3 Fc5 7.a4 Fb7 8.d3 O-O 
9.Cc3 Ca5 10.axb5 Cxb3 11.cxb3 axb5 12.Txa8 Fxa8 13.Cxe5 d5 14.Fg5 dxe4 
15.dxe4 Dxd1 16.Txd1 b4 17.Cd5 Fxf2+ 18.Rxf2 Cxe4+ 19.Rg1 Cxg5 20.Cd7 Td8 
21.Cxc7 Rh8 22.Cxa8 Txa8 23.Td4 Ta1+ 24.Rf2 Tb1 25.Txb4 Txb2+ 26.Re3 h5 
27.h4 Ce6 28.g3 Tg2 29.Rf3 Tb2 30.Re3 Tg2 31.Rf3 Tb2 32.Re3 1/2-1/2

[Event "7. Amber Blindfold"]
[Site "Monaco MNC"]
[Date "1998.03.21"]
[Round "8"]
[White "Topalov, Veselin"]
[Black "Shirov, Alexei"]
[Result "0-1"]
[WhiteElo "2740"]
[BlackElo "2710"]

1.e4 c5 2.Cf3 d6 3.d4 Cf6 4.Cc3 cxd4 5.Cxd4 e6 6.Fe3 Fe7 7.f3 O-O 8.Dd2 
Cc6 9.O-O-O d5 10.exd5 Cxd5 11.Cxd5 Dxd5 12.Cb3 Dxd2+ 13.Txd2 Cb4 14.Rb1 
Cd5 15.Ff2 Fg5 16.Td3 b6 17.g3 Fb7 18.Fe2 Tfd8 19.h4 Fh6 20.c4 Cb4 21.
Txd8+ Txd8 22.c5 Fd5 23.Td1 Tb8 24.cxb6 axb6 25.Fe1 Cxa2 26.Cd4 g6 27.b3 
Ta8 28.Fc4 Fxc4 29.bxc4 Td8 30.Rc2 Ff8 31.Cc6 Tc8 32.Ce5 Cb4+ 33.Fxb4 Fxb4
34.Td7 Fe1 35.Cxf7 Txc4+ 36.Rd3 Tc3+ 37.Re2 Fxg3 38.Cg5 Fxh4 39.Cxe6 Tc2+ 
40.Rd3 Tc6 41.Cf4 Tf6 42.Re4 Tf7 43.Td5 Fg3 44.Ce2 Te7+ 45.Rd3 Ff2 46.f4 
Rf7 47.Cc3 Te3+ 48.Rd2 Tf3 49.Td7+ Re6 50.Txh7 Txf4 51.Tg7 Rf5 52.Ce2 Tf3 
53.Tf7+ Rg4 54.Te7 Fc5 55.Te4+ Rf5 56.Te8 g5 57.Cc1 Rg4 58.Cd3 Tf5 59.Re2 
Rg3 60.Te6 g4 61.Te4 Rh3 62.Cf4+ Rh2 63.Cd3 g3 64.Th4+ Rg1 65.Cf4 Te5+ 66.
Rd3 Rf2 0-1

[Event "7. Amber Rapid"]
[Site "Monaco MNC"]
[Date "1998.03.21"]
[Round "8"]
[White "Shirov, Alexei"]
[Black "Topalov, Veselin"]
[Result "1-0"]
[WhiteElo "2710"]
[BlackElo "2740"]

1.e4 c5 2.Cf3 d6 3.d4 cxd4 4.Cxd4 Cf6 5.Cc3 a6 6.Fe3 e6 7.g4 h6 8.f4 e5 9.
Cf5 h5 10.Cd5 Cxd5 11.Dxd5 Cc6 12.O-O-O Fe6 13.Cxd6+ Fxd6 14.Dxd6 Fxg4 15.
Dxd8+ Cxd8 16.Td6 exf4 17.Fxf4 Ce6 18.Fe5 Ff3 19.Tg1 Fxe4 20.Fh3 Td8 21.
Tb6 Fc6 22.Tb3 Tg8 23.Te3 g6 24.Ff6 Td6 25.c4 Rf8 26.Tf1 Fd7 27.b3 g5 28.
Fe5 Tc6 29.Fg2 g4 30.Td3 Fe8 31.Fd6+ Rg7 32.Tf5 Rg6 33.Ta5 f5 34.Td2 Cg5 
35.Fxc6 Fxc6 36.Ff4 Ce4 37.Td4 h4 38.b4 g3 39.hxg3 hxg3 40.b5 g2 41.Fe3 
axb5 42.cxb5 Fe8 43.b6 Fc6 44.Td1 Th8 45.Te5 Cc3 46.Td6+ Rf7 47.Txf5+ Re7 
48.Tg6 Th1+ 49.Rd2 Tf1 50.Th5 Ce4+ 51.Rc2 Cf6 52.Th4 Rf7 53.Tg5 Cd5 54.Fd4
Cf6 55.Th6 Fe4+ 56.Rd2 Ce8 57.Tg4 Th1 58.Tf4+ Rg8 59.Te6 Fc6 60.Txc6 bxc6 
61.Tg4+ Rf7 62.Txg2 Cd6 63.Rc2 Re6 64.a4 Rd5 65.Fg1 c5 66.a5 Rc6 67.Tg6 
Rb7 68.Txd6 Txg1 69.Td7+ Rc8 70.Tc7+ Rb8 71.a6 1-0

[Event "8. Amber Blindfold"]
[Site "Monaco MNC"]
[Date "1999.03.18"]
[Round "3"]
[White "Shirov, Alexei"]
[Black "Topalov, Veselin"]
[Result "1-0"]
[WhiteElo "2726"]
[BlackElo "2700"]

1.e4 d6 2.d4 Cf6 3.Cc3 g6 4.f4 Fg7 5.Cf3 O-O 6.Fd3 Cc6 7.e5 dxe5 8.dxe5 
Cd5 9.O-O Ccb4 10.Fe4 c6 11.De1 Db6+ 12.Rh1 Fg4 13.Ca4 Da6 14.b3 b5 15.Cb2
Fxf3 16.Txf3 f5 17.exf6 exf6 18.f5 Tae8 19.Fxd5+ Cxd5 20.Df2 Db6 21.Cd3 
Dxf2 22.Txf2 Cb4 23.Fa3 Cxd3 24.cxd3 Tf7 25.g3 Te5 26.Tc1 Txf5 27.Txf5 
gxf5 28.Txc6 Td7 29.Fd6 Rf7 30.Rg2 Re6 31.Fb8+ Rf7 32.Fd6 Re6 33.Fc5+ Re5 
34.d4+ Re4 35.Te6+ Rd3 36.Rf3 a5 37.Te3+ Rc2 38.Te7 Txe7 39.Fxe7 Fh6 40.d5
Fd2 41.Fc5 a4 42.bxa4 bxa4 43.Fb6 Fb4 44.Fc7 Fc3 45.d6 Fe5 46.Fb8 Fd4 47.
d7 Fb6 48.Fd6 Fd8 49.Rf4 1-0

[Event "8. Amber Rapidplay"]
[Site "Monaco MNC"]
[Date "1999.03.18"]
[Round "3"]
[White "Topalov, Veselin"]
[Black "Shirov, Alexei"]
[Result "1-0"]
[WhiteElo "2700"]
[BlackElo "2726"]

1.Cf3 c5 2.c4 Cf6 3.g3 d5 4.d4 cxd4 5.Fg2 Da5+ 6.Cbd2 Cc6 7.O-O e5 8.Cb3 
Dd8 9.cxd5 Cxd5 10.Cxe5 Cdb4 11.Cxc6 Cxc6 12.Fxc6+ bxc6 13.Dxd4 Dxd4 14.
Cxd4 c5 15.Cc6 Rd7 16.Ce5+ Re6 17.Cd3 Fd6 18.Fe3 c4 19.Cc5+ Fxc5 20.Fxc5 
Td8 21.Fb4 Fb7 22.Fc3 f6 23.Tfd1 Fc6 24.Fa5 Txd1+ 25.Txd1 Tc8 26.f3 Fa4 
27.Td4 Tc5 28.Fb4 Tc7 29.Rf2 Fb5 30.Td6+ Rf7 31.Td5 a6 32.h4 Tb7 33.a3 Tb8
34.g4 h6 35.Tc5 Td8 36.Tc7+ Td7 37.Tc8 Rg6 38.Th8 f5 39.h5+ Rg5 40.Rg3 
fxg4 41.fxg4 Rf6 42.Tf8+ Re6 43.Fc3 Te7 44.Tg8 Rd5 45.Txg7 Txe2 46.Tg6 Te6
47.Txe6 Rxe6 48.Fd2 Fa4 49.Fxh6 Fd1 50.Fg7 Fe2 51.Fc3 Fd1 52.Rh4 Ff3 53.
Rg5 Rf7 54.Rh4 Re6 55.g5 Rf5 56.g6 Fd5 57.Rg3 Rg5 58.g7 Rh6 59.Rf4 Rh7 60.
h6 Rxh6 61.Re5 Ff7 62.Rd6 Rh7 63.Rc5 Fe6 64.Rb6 Fc8 65.Rc6 Rg8 66.Rd5 Fd7 
67.Rxc4 Rf7 68.Rb4 Fe6 69.Ra5 Fc4 70.a4 Fb3 71.Rxa6 Fxa4 72.b4 Fc2 73.b5 
Fd3 74.Rb6 Fe2 75.Rc6 1-0